The 12 Months From Greek To English - Statistics

General Stats
  • This quiz has been taken 207 times
  • The average score is 12 of 12
Answer Stats
Greek English % Correct
Απρίλιος April
99%
Δεκέμβριος December
97%
Φεβρουάριος February
97%
Ιούνιος June
97%
Μάρτιος March
97%
Μάιος May
97%
Νοέμβριος November
97%
Οκτώβριος October
97%
Αύγουστος August
96%
Ιανουάριος January
96%
Ιούλιος July
95%
Σεπτέμβριος September
94%
No matching quizzes found
Score Distribution
Percent of People with Each Score
Percentile by Number Answered
Your Score History
You have not taken this quiz